Giáo trình phương pháp dạy học mĩ thuật T.2 Giáo trình phương pháp dạy học mĩ thuật

Cung cấp những thông tin về các phương pháp giảng dạy - học mĩ thuật chung và phương pháp dạy - học các phân môn; cách thiết kế bài dạy, làm đồ dùng dạy - học, cách dạy và cách hướng dẫn học sinh vẽ trên lớp, vẽ ngoài trời

Đã lưu trong:
Chi tiết về thư mục
Tác giả chính: Nguyễn Thu Tuấn
Định dạng: Sách
Ngôn ngữ:Vietnamese
Được phát hành: H. Đại học Sư Phạm 2011
Những chủ đề:
Các nhãn: Thêm thẻ
Không có thẻ, Là người đầu tiên thẻ bản ghi này!
Thư viện lưu trữ: Mạng thư viện Đại học Đà Nẵng
LEADER 01649nam a2200373 4500
001 000023143
003 19592
005 20150601160620.0
008 150601s2011 viesd
020 |c 46000 
041 0 |a vie 
082 1 4 |a 707  |b NG-T 
100 1 |a Nguyễn Thu Tuấn 
245 1 0 |a Giáo trình phương pháp dạy học mĩ thuật  |c Nguyễn Thu Tuấn  |n T.2  |p Giáo trình phương pháp dạy học mĩ thuật 
246 3 |a Giáo trình phương pháp dạy học mỹ thuật 
260 |a H.  |b Đại học Sư Phạm  |c 2011 
300 |a 162 tr.  |c 24 cm. 
504 |a Thư mục đầu sách 
520 3 |a Cung cấp những thông tin về các phương pháp giảng dạy - học mĩ thuật chung và phương pháp dạy - học các phân môn; cách thiết kế bài dạy, làm đồ dùng dạy - học, cách dạy và cách hướng dẫn học sinh vẽ trên lớp, vẽ ngoài trời 
650 0 4 |a Mỹ thuật  |v Giáo trình  |x Dạy và học 
653 |a Mĩ thuật 
653 |a Phương pháp dạy học 
653 |a Giáo trình 
773 |d Đại học Sư Phạm  |d H.  |d 2011  |t Giáo trình Phương pháp dạy học mĩ thuật  |w 19590 
OWN |a LSP 
AVA |a UDN50  |b LSP  |d 707 NG-T  |e available  |t Error 5001 Not defined in file expand_doc_bib_avail.  |f 5  |g 0  |h N  |i 0  |k 1 
999 |a From the UDN01 
AVA |a UDN50  |b LSP  |d 707 NG-T  |e available  |t Error 5001 Not defined in file expand_doc_bib_avail.  |f 5  |g 0  |h N  |i 0  |k 1 
TYP |a Monograph 
TYP |a Printed language 
980 |a Mạng thư viện Đại học Đà Nẵng